000 00554nam a2200181Ia 4500
003 IN-BaIIA
008 211028s9999 xx 000 0 eng d
020 _a81-85324-00-X
040 _cIIA Library
080 _a3.870138888888889
_bVEN
100 _aVenkataraman, G.
_915892
245 0 _aJourney into light
_c G. Venkataraman
260 _aBangalore
_bIndian Academy of Sciences
_c1988
300 _axviii, 570p.
650 _aAstronomy and astrophysics thesaurus
650 _aBiography
_91224
942 _cBK
999 _c9447
_d9447